Forest products and wood science : an introduction

Bibliographic Details
Main Author: BOWYER
Other Authors: Haygreen 1930-, Shmulsky
Format: Book
Published: Ames, Iowa : Iowa State Press , 2003
Edition:4th ed.
Subjects:

MARC

LEADER 00000cam a2200000 7i4500
001 0000002514
005 20030712.0
020 0 0 |a 0813826543 
090 0 0 |a R674   |b BOW 2003 
100 1 0 |a BOWYER   |h Jim L. 
245 1 0 |a Forest products and wood science :   |b an introduction   |c Jim L. Bowyer, Rubin Shmulsky, John G. Haygreen; drawings by Karen Lilley 
250 0 0 |a 4th ed. 
260 0 0 |a Ames, Iowa :   |b Iowa State Press ,   |c 2003 
300 |a xiv, 554 p. :   |b ill. ;   |c 26 cm. 
500 0 0 |a Includes bibliography: p. 511-515 
650 0 0 |a Lumber 
650 0 0 |a Wood 
700 0 1 |a Haygreen   |h John G. ,   |c 1930- 
700 0 1 |a Shmulsky   |h Rubin 
998 |a JPSM 
999 |a 0000004674   |b Monograph   |c Reference   |e Default branch